000 00396nam a22001337a 4500
020 _a0-07-038975-6
082 _a621.38152 LUE
100 _aLUECKE, GERALD,MIZE, JACK P,CARR, WILLIAM N
_975382
245 _aSEMICONDUCTOR MEMORY DESIGN AND APPLICATION
260 _aNEW DELHI
_bMCGRAW HILL
_c1973
300 _aX,320P
650 _aCOMPUTER STORAGE DEVICES, SEMICONDUCTORES
_975383
942 _cBK
999 _c580809
_d580809